000 00492nam a22001457a 4500
082 _a158
_bHIL/D
100 _aHILL,NAPOLEON
245 _aDAILY INSPIRATION FOR EVERY DAY WOMEN:COLLECTION OF 365 QUOTES
246 _aDAILY INSPIRATION FOR EVERY DAY WOMEN:COLLECTION OF 365 QUOTES
_bDAILY INSPIRATION FOR EVERY DAY WOMEN:COLLECTION OF 365 QUOTES
260 _aNEW DELHI
_bFINGER PRINT
_c2020
300 _a230
500 _aINSPIRATION QUOTES
650 _a MOTIVATIONAL,SELF-HELP
942 _cBK
999 _c6892
_d6892